¿Quién tiene más goles? - Estadísticas

Estadísticas generales
  • Esta prueba ha sido intentada 141 veces
  • La puntuación promedio es 3 de 5
Estadísticas de respuestas
Pregunta Respuesta % Correcto
¿Quién tiene más goles?
98%
¿Quién tiene más goles?
95%
¿Quién tiene más goles?
83%
¿Quién tiene más goles?
19%
¿Quién tiene más asistencias?
1%
No se encontraron pruebas coincidentes
Distribución de puntuación
Porcentaje de gente con cada puntuación
Porcentaje por número respondido
Historial de tus puntuaciones
No has intentado esta prueba.